[Event "Mogi Guacu op"]
[Site "Mogi Guacu"]
[Date "2022.09.24"]
[Round "2"]
[White "Videira, Alan De Souza"]
[Black "Vaz Lins, Pedro Henrique"]
[Result "1-0"]
[WhiteElo "1773"]
[BlackElo "1800"]
[PlyCount "143"]
[EventDate "2022.09.23"]
[EventType "swiss"]
[EventRounds "6"]
[EventCountry "BRA"]
[SourceTitle "EXT 2023"]
[Source "ChessBase"]
[SourceDate "2022.10.05"]
[SourceVersion "1"]
[SourceVersionDate "2022.10.05"]
[SourceQuality "1"]

1. e4 e5 2. Nf3 Nc6 3. Bb5 a6 4. Ba4 Bc5 5. c3 Nf6 6. d3 h6 7. 0-0 b5 8. Bc2 0-0 9. Nbd2 Re8 10. h3 Bb7 11. Re1 d6 12. Nf1 Qd7 13. Be3 Bxe3 14. Nxe3 Rad8 15. Nf5 g6 16. Ng3 d5 17. Qe2 d4 18. a3 Qd6 19. Qd2 Kh7 20. cxd4 Nxd4 21. Nxd4 Qxd4 22. Qc3 c5 23. Qxd4 exd4 24. Bb3 Kg7 25. a4 Bc6 26. axb5 Bxb5 27. Ba4 Bxa4 28. Rxa4 Nd5 29. Rxa6 Nb4 30. Rb6 Nxd3 31. Rd1 c4 32. f3 Rb8 33. Rxb8 Rxb8 34. Ne2 Rd8 35. b3 Nb2 36. Rxd4 Rxd4 37. Nxd4 c3 38. Kf1 Kf6 39. Ke2 Ke5 40. Nb5 c2 41. Kd2 Nd1 42. Na3 Ne3 43. Nc4+ Nxc4+ 44. bxc4 c1Q+ 45. Kxc1 Kd4 46. c5 Kxc5 47. Kd1 Kd4 48. Kd2 f6 49. Ke2 g5 50. Kd2 h5 51. Ke2 Ke5 52. Ke3 h4 53. Ke2 Kf4 54. Kf2 f5 55. exf5 Kxf5 56. g3 Ke5 57. gxh4 gxh4 58. Ke3 Kf5 59. f4 Kg6 60. Ke4 Kf6 61. f5 Ke7 62. Kf3 Kf6 63. Kg4 Kg7 64. Kxh4 Kf6 65. Kg4 Kf7 66. Kg5 Kg7 67. h4 Kf7 68. h5 Kg7 69. h6+ Kf7 70. h7 Kg7 71. h8Q+ Kxh8 72. Kf6 1-0